Associated Newspapers Property Ltd and another v Master and Wardens and Brethren and Sisters of the Guild or Fraternitynof the Blessed Mary the Virgin of the Mystery of Drapers in the City of London (Record no. 52280)
[ view plain ]
| 000 -LEADER | |
|---|---|
| fixed length control field | 01467cab a2200277 4500 |
| 001 - CONTROL NUMBER | |
| control field | ABS58075 |
| 008 - FIXED-LENGTH DATA ELEMENTS--GENERAL INFORMATION | |
| fixed length control field | 090401t1997 xxu||||| |||| 00| 0 eng d |
| 035 ## - SYSTEM CONTROL NUMBER | |
| System control number | (Sirsi) u82774 |
| 041 ## - LANGUAGE CODE | |
| Language code of text/sound track or separate title | eng |
| 245 ## - TITLE STATEMENT | |
| Title | Associated Newspapers Property Ltd and another v Master and Wardens and Brethren and Sisters of the Guild or Fraternitynof the Blessed Mary the Virgin of the Mystery of Drapers in the City of London |
| 260 ## - PUBLICATION, DISTRIBUTION, ETC. | |
| Date of publication, distribution, etc. | 1997 |
| 350 ## - PRICE (NR) (BK AM CF MU VM SE) [OBSOLETE] | |
| Price | 0 |
| 490 ## - SERIES STATEMENT | |
| Series statement | Estates Gazette |
| Volume/sequential designation | [1997] 50 EG 84-87(4) |
| 520 ## - SUMMARY, ETC. | |
| Summary, etc. | CA 24 February 1997. K held an equity sharing headlease from appellant landlords M. K granted an underlease to H and later sold the headlease to Y, the underlease acquired by a company who held it in trust for the second plaintiff. The group of companies to which the plaintiffs belonged sought to merge the headlease with the underlease in order to terminate rent liability under the underlease and reduce rent on the headlease. M`s appeal against an earlier decision that this process did not constitute a breach of covenant of the headlease was dismissed. |
| 650 ## - SUBJECT ADDED ENTRY--TOPICAL TERM | |
| Topical term or geographic name entry element | ASSIGNMENT OF LEASES |
| 650 ## - SUBJECT ADDED ENTRY--TOPICAL TERM | |
| Topical term or geographic name entry element | ASSOCIATED NEWSPAPERS PROPERTY LTD AND ANOTHER V MASTER WARDENS ETC |
| 650 ## - SUBJECT ADDED ENTRY--TOPICAL TERM | |
| Topical term or geographic name entry element | BREACH OF COVENANT |
| 650 ## - SUBJECT ADDED ENTRY--TOPICAL TERM | |
| Topical term or geographic name entry element | EQUITY SHARING |
| 650 ## - SUBJECT ADDED ENTRY--TOPICAL TERM | |
| Topical term or geographic name entry element | HEADLEASE |
| 650 ## - SUBJECT ADDED ENTRY--TOPICAL TERM | |
| Topical term or geographic name entry element | LEASES |
| 650 ## - SUBJECT ADDED ENTRY--TOPICAL TERM | |
| Topical term or geographic name entry element | TERMS OF LEASE |
| 650 ## - SUBJECT ADDED ENTRY--TOPICAL TERM | |
| Topical term or geographic name entry element | UNDERLEASE |
| 690 ## - LOCAL SUBJECT ADDED ENTRY--TOPICAL TERM (OCLC, RLIN) | |
| Topical term or geographic name as entry element | LANDLORD AND TENANT-CASE LAW-BUSINESS TENANCIES |
| 942 ## - ADDED ENTRY ELEMENTS (KOHA) | |
| Suppress in OPAC | 0 |
| 948 ## - LOCAL PROCESSING INFORMATION (OCLC); SERIES PART DESIGNATOR (RLIN) | |
| c (OCLC) | 18/12/1997 |
| Withdrawn status | Lost status | Source of classification or shelving scheme | Damaged status | Not for loan | Home library | Current library | Shelving location | Date acquired | Total Checkouts | Full call number | Barcode | Date last seen | Copy number | Price effective from | Koha item type |
|---|---|---|---|---|---|---|---|---|---|---|---|---|---|---|---|
| Dewey Decimal Classification | London | London | Journal article | 14/09/1999 | ABS58075 | 82774-1001 | 06/08/2019 | 1 | 06/08/2019 | Law report |